000 00491cam a2200181ua 4500
020 _a81-7169-247-8
_c325.00
041 _aeng
_h
082 _a631.587
_bDHA/TR
100 _aDhawan, B D .
245 _atrends and new tendencies in Indian irrigated agriculture /
_cB D Dhawan.
_hTextual Documents
250 _a1 /
_b.
260 _aNew Delhi :
_bCommonwealth Publishers ,
_c1993.
300 _a294 ; .
365 _a325.00
504 _a
942 _cBK
999 _c7334
_d7334